| 000 | 00882nam a2200313Ia 4500 | ||
|---|---|---|---|
| 003 | OSt | ||
| 005 | 20221006141902.0 | ||
| 006 | a|||||r|||| 00| 0 | ||
| 007 | ta | ||
| 008 | 221006b |||||||| |||| 00| 0 eng d | ||
| 020 | _c982.10 | ||
| 024 | _a4,567 | ||
| 037 | _cTextual | ||
| 040 |
_aEASL _cEASL _beng |
||
| 041 |
_2eng _aeng |
||
| 082 | _aT.41.N8, M7 | ||
| 100 |
_aHAYHOE R Ed. _9646449 |
||
| 245 | 0 |
_aChina's education and the industrialized world _b Studies in cultural transfer |
|
| 260 | _c1987 | ||
| 300 |
_a369p. _ccm. |
||
| 490 | _v CEL | ||
| 650 | _a CEL | ||
| 650 |
_a Comparative education _9646450 |
||
| 650 | _a Education - China - History | ||
| 650 |
_aEducation - China - Foreign influences _9646451 |
||
| 700 |
_a BASTID M Ed. _9646452 |
||
| 942 |
_hT.41.N8, M7 _cTEXL _2CC |
||
| 999 |
_c1072653 _d1072653 |
||